Essentials of economics: (Record no. 542706)

000 -LEADER
fixed length control field 00635cam a22001691 4500
082 ## - DEWEY DECIMAL CLASSIFICATION NUMBER
Classification number 330.1
100 1# - MAIN ENTRY--PERSONAL NAME
Personal name Ballvé, Faustino.
9 (RLIN) 37997
245 10 - TITLE STATEMENT
Title Essentials of economics:
Remainder of title a brief survey of principles and policies.
Statement of responsibility, etc. Translated from the Spanish and edited by Arthur Goddard.
260 ## - PUBLICATION, DISTRIBUTION, ETC.
Place of publication, distribution, etc. Princeton, N.J.,
Name of publisher, distributor, etc. Van Nostrand,
Date of publication, distribution, etc. [1963]
300 ## - PHYSICAL DESCRIPTION
Extent 109 p.
Dimensions 24 cm.
490 0# - SERIES STATEMENT
Series statement The William Volker Fund series in the humane studies
500 ## - GENERAL NOTE
General note Translation of Diez lecciones de economia.
526 ## - STUDY PROGRAM INFORMATION NOTE
Program name 0
Interest level 0
Reading level 0
Title point value 330_000000000000000_AKH
526 ## - STUDY PROGRAM INFORMATION NOTE
Program name 0
Interest level 0
Reading level 0
Title point value 330_000000000000000_AKH
650 #0 - SUBJECT ADDED ENTRY--TOPICAL TERM
Topical term or geographic name entry element Economics.
9 (RLIN) 1437
942 ## - ADDED ENTRY ELEMENTS (KOHA)
Source of classification or shelving scheme
Koha item type Book
Holdings
Withdrawn status Lost status Source of classification or shelving scheme Damaged status Not for loan Permanent Location Current Location Date acquired Total Checkouts Full call number Barcode Date last seen Price effective from Koha item type
          Military College of Engineering (MCE) Military College of Engineering (MCE) 02/11/2014   330 AKH MCE-29874 02/11/2014 02/11/2014 Book
          Military College of Engineering (MCE) Military College of Engineering (MCE) 02/11/2014   330.AKH MCE-29875 02/11/2014 03/14/2021 Book
© 2023 Central Library, National University of Sciences and Technology. All Rights Reserved.